[Event "Cheliabinsk Panchenko Memorial op"]
[Site "Cheliabinsk"]
[Date "2019.09.10"]
[Round "2"]
[White "Matsenko, Andrei"]
[Black "Kukuev, Ivan"]
[Result "1-0"]
[WhiteElo "2225"]
[BlackElo "1785"]
[PlyCount "77"]
[EventDate "2019.09.09"]
[EventType "swiss"]
[EventRounds "9"]
[EventCountry "RUS"]
[SourceTitle "EXT 2020"]
[Source "ChessBase"]
[SourceDate "2019.10.17"]
[SourceVersion "1"]
[SourceVersionDate "2019.10.17"]
[SourceQuality "1"]

1. Nf3 d5 2. d4 Nf6 3. c4 e6 4. e3 Be7 5. Nbd2 0-0 6. Bd3 b6 7. b3 Bb7 8. 0-0 c5 9. Bb2 Nbd7 10. Rc1 Rc8 11. Qc2 h6 12. Qb1 Rc7 13. Rfd1 Qa8 14. Bf1 Rfc8 15. h3 dxc4 16. bxc4 Ne4 17. Qd3 Nxd2 18. Nxd2 Nf6 19. Nb3 cxd4 20. exd4 Ne4 21. d5 exd5 22. cxd5 Bf6 23. Rxc7 Rxc7 24. Ba3 Nc3 25. d6 Rd7 26. Qf5 Bc8 27. Bd3 g6 28. Qxf6 Nxd1 29. Qd4 Qc6 30. Be4 Qb5 31. Bf3 Nxf2 32. Kxf2 Ba6 33. Bb2 Qf1+ 34. Kg3 Qe1+ 35. Kh2 f6 36. Qxf6 Bc4 37. Qh8+ Kf7 38. Qg7+ Ke6 39. Qf6# 1-0